<?xml version="1.0" encoding="UTF-8"?>
<collection xmlns="http://www.loc.gov/MARC21/slim">
 <record>
  <leader>01205nam a22002537a 4500</leader>
  <controlfield tag="001">AAL8306</controlfield>
  <controlfield tag="003">BD-DhAAL</controlfield>
  <controlfield tag="005">20241101145339.0</controlfield>
  <controlfield tag="008">160301b        bg a|||| |||| 00| 0 ben d</controlfield>
  <datafield tag="020" ind1=" " ind2=" ">
   <subfield code="a">9844066026</subfield>
  </datafield>
  <datafield tag="040" ind1=" " ind2=" ">
   <subfield code="a">BD-DhAAL</subfield>
   <subfield code="c">BD-DhAAL</subfield>
  </datafield>
  <datafield tag="082" ind1=" " ind2=" ">
   <subfield code="2">22</subfield>
   <subfield code="a">891.44371</subfield>
  </datafield>
  <datafield tag="100" ind1=" " ind2=" ">
   <subfield code="a">নজরুল ইসলাম,</subfield>
   <subfield code="c">কাজী,</subfield>
   <subfield code="d">১৮৯৯-১৯৭৬.</subfield>
   <subfield code="9">53229</subfield>
  </datafield>
  <datafield tag="245" ind1=" " ind2=" ">
   <subfield code="a">নজরুল উপন্যাস সমগ্র /</subfield>
   <subfield code="c">কাজী নজরুল ইসলাম.</subfield>
  </datafield>
  <datafield tag="260" ind1=" " ind2=" ">
   <subfield code="a">ঢাকা :</subfield>
   <subfield code="b">ষ্টুডেন্ট ওয়েজ, </subfield>
  </datafield>
  <datafield tag="300" ind1=" " ind2=" ">
   <subfield code="a">২৬৬ পৃষ্ঠা :</subfield>
   <subfield code="b">চিত্র ;</subfield>
   <subfield code="c">২২ সে.মি.</subfield>
  </datafield>
  <datafield tag="541" ind1=" " ind2=" ">
   <subfield code="e">8306, 8307</subfield>
  </datafield>
  <datafield tag="600" ind1=" " ind2=" ">
   <subfield code="a">Nazrul Islam,</subfield>
   <subfield code="c">Kazi,</subfield>
   <subfield code="d">1899-1976.</subfield>
  </datafield>
  <datafield tag="651" ind1=" " ind2=" ">
   <subfield code="a"> Bangladesh </subfield>
   <subfield code="z">Fiction</subfield>
   <subfield code="9">18257</subfield>
  </datafield>
  <datafield tag="852" ind1=" " ind2=" ">
   <subfield code="a">Savar Campus Library</subfield>
   <subfield code="c">General Stacks</subfield>
  </datafield>
  <datafield tag="942" ind1=" " ind2=" ">
   <subfield code="2">ddc</subfield>
   <subfield code="c">BK</subfield>
  </datafield>
  <datafield tag="999" ind1=" " ind2=" ">
   <subfield code="c">36966</subfield>
   <subfield code="d">36966</subfield>
  </datafield>
  <datafield tag="952" ind1=" " ind2=" ">
   <subfield code="0">0</subfield>
   <subfield code="1">0</subfield>
   <subfield code="2">ddc</subfield>
   <subfield code="4">0</subfield>
   <subfield code="6">891_443710000000000_NAZ</subfield>
   <subfield code="7">0</subfield>
   <subfield code="9">58219</subfield>
   <subfield code="a">SCL</subfield>
   <subfield code="b">SCL</subfield>
   <subfield code="c">GEN</subfield>
   <subfield code="d">2016-03-01</subfield>
   <subfield code="g">300.00</subfield>
   <subfield code="l">4</subfield>
   <subfield code="m">16</subfield>
   <subfield code="o">891.44371 NAZ</subfield>
   <subfield code="p">3020008306</subfield>
   <subfield code="r">2019-08-03</subfield>
   <subfield code="s">2019-07-03</subfield>
   <subfield code="t">1</subfield>
   <subfield code="w">2016-03-01</subfield>
   <subfield code="y">BK</subfield>
  </datafield>
  <datafield tag="952" ind1=" " ind2=" ">
   <subfield code="0">0</subfield>
   <subfield code="1">0</subfield>
   <subfield code="2">ddc</subfield>
   <subfield code="4">0</subfield>
   <subfield code="6">891_443710000000000_NAZ</subfield>
   <subfield code="7">0</subfield>
   <subfield code="9">58220</subfield>
   <subfield code="a">SCL</subfield>
   <subfield code="b">SCL</subfield>
   <subfield code="c">GEN</subfield>
   <subfield code="d">2016-03-01</subfield>
   <subfield code="g">300.00</subfield>
   <subfield code="l">5</subfield>
   <subfield code="m">20</subfield>
   <subfield code="o">891.44371 NAZ</subfield>
   <subfield code="p">3020008307</subfield>
   <subfield code="r">2024-06-24</subfield>
   <subfield code="s">2024-06-10</subfield>
   <subfield code="t">2</subfield>
   <subfield code="w">2016-03-01</subfield>
   <subfield code="y">BK</subfield>
  </datafield>
 </record>
</collection>
